Statistics for Highest Goalscorers in the Champions League from the Americas w Exceps

Click here to take the quiz!

General Stats

  • This quiz has been taken 69 times
  • The average score is 14 of 20

Answer Stats

#GoalsGamesYearsMain Team(s)CountryAnswer% Correct
135702011-'12, 2013-'22Paris Saint-Germain, NapoliUruguayÉdinson Cavani
100%
227732010-'11, 2014-'22Barcelona, Atlético MadridUruguayLuis Suárez
100%
515702011-Arsenal, BarcelonaChileAlexis Sánchez
98%
417271986-1991Real MadridMexicoHugo Sánchez
98%
714462010-2017Manchester United, Bayer LeverkusenMexicoJavier Hernández
98%
615832012-2022Juventus, Bayern MünchenChileArturo Vidal
94%
912292009-'10, 2016-'20AS Monaco, FC PortoColombiaRadamel Falcao
94%
197492016-Chelsea, Borussia DortmundUnited StatesChristian Pulišić
87%
1310182021-2023Benfica, LiverpoolUruguayDarwin Núñez
87%
321732001-'09, 2010-'15Bayern München, Werder BremenPeruClaudio Pizarro
78%
187252020-2023FC Porto, LiverpoolColombiaLuis Díaz
76%
1211361998-2002Manchester UnitedTrinidad & TobagoDwight Yorke
73%
168222013-'14, 2019-'22Atalanta, NapoliColombiaDuván Zapata
59%
813262012-2016FC Porto, Atlético MadridColombiaJackson Martínez
57%
178611999-'04, 2005-'07, 2012-'13Bayern München, Málaga CFParaguayRoque Santa Cruz
57%
1410602004-'08, 2010-'14, 2018-'19PSV Eindhoven, Schalke 04PeruJefferson Farfán
49%
207522013-2022FC Porto, Atlético MadridMexicoHéctor Herrera
48%
1111282007-'08, 2010-'14BenficaParaguayÓscar Cardozo
30%
1012402000-'02, 2003-'05Deportivo La CoruñaUruguayWalter Pandiani
17%
158131955-'56, 1957-'58, 1959-'60AC MilanUruguayJuan Schiaffino
13%

Score Distribution

Percentile by Number Answered

Percent of People with Each Score

Your Score History

You have not taken this quiz